00789nam a2200217Ia 4500003000900000008004100009020001800050040001600068080002000084100002800104245015800132260003300290300001500323650004100338650002800379700002100407700002400428942000700452999001500459952009700474IN-BaIIA211028s9999 xx 000 0 eng d a0-12-204230-1 cIIA Library a512:519.68bDAV aDavenport, J. H.916302 0aComputer algebrabsystems and algorithms for algebraic computationcJ. H. Davenport, Y. Siret and E. Tournier  aLondonbAcademic Pressc1988 axix, 267p. aAstronomy and astrophysics thesaurus aComputer algebra916303 aSiret, Y.916304 aTournier, E.916305 cBK c9662d9662 00104070aBANbBANcGENd0000-00-00l0o512:519.68/ DAVp10572r2021-11-05w0000-00-00yBK